GETS Theological Seminary Library

论信望爱 (Record no. 176)

MARC details
000 -LEADER
fixed length control field 01327nam a2200301Ia 4500
003 - CONTROL NUMBER IDENTIFIER
control field OSt
005 - DATE AND TIME OF LATEST TRANSACTION
control field 20241018144435.0
008 - FIXED-LENGTH DATA ELEMENTS--GENERAL INFORMATION
fixed length control field 200826s9999||||xx |||||||||||||| ||und||
020 ## - INTERNATIONAL STANDARD BOOK NUMBER
International Standard Book Number 7108032236
020 ## - INTERNATIONAL STANDARD BOOK NUMBER
International Standard Book Number 9787108032232
040 ## - CATALOGING SOURCE
Transcribing agency GETS
041 ## - LANGUAGE CODE
Language code of text/sound track or separate title chi
Language code of original eng
050 ## - LIBRARY OF CONGRESS CALL NUMBER
Classification number BR65.A73
Item number .C5 2009   
100 ## - MAIN ENTRY--PERSONAL NAME
Personal name Augustine
245 #0 - TITLE STATEMENT
Title 论信望爱
Remainder of title = Enchiridion /
Statement of responsibility, etc. 奥古斯丁(Augustine) 著; 许一新译
246 ## - VARYING FORM OF TITLE
Title proper/short title 論信望愛
Remainder of title
260 ## - PUBLICATION, DISTRIBUTION, ETC.
Place of publication, distribution, etc. 北京:
Name of publisher, distributor, etc. 生活·读书·新知三联书店,
Date of publication, distribution, etc. 2009
300 ## - PHYSICAL DESCRIPTION
Extent 1, 323 p.
Other physical details ;
Dimensions 23 cm.
490 ## - SERIES STATEMENT
Series statement 基督教经典译丛
500 ## - GENERAL NOTE
General note Translation of: Enchiridion.
505 ## - FORMATTED CONTENTS NOTE
Formatted contents note  本书是包含了奥古斯丁论述基督教 教义及“信、望、爱”三大 神学德行的重要论著。作者以简明而全面的方式阐述了基督教最基本的教义:罪、 恩典、预定。奥古斯丁对这些教义的阐述对后世的基督教思想家,如 马丁·路德、 加尔文、 巴特等最重要的 神学家均产生了重大的影响。本书是了解奥古斯丁思想、 古代基督教,乃至基督教思想史的一把钥匙。
650 ## - SUBJECT ADDED ENTRY--TOPICAL TERM
Topical term or geographic name entry element Early works.
650 ## - SUBJECT ADDED ENTRY--TOPICAL TERM
Topical term or geographic name entry element Theological virtues Early works to 1800.
650 ## - SUBJECT ADDED ENTRY--TOPICAL TERM
Topical term or geographic name entry element Theological virtues.
700 ## - ADDED ENTRY--PERSONAL NAME
Personal name 奥古斯丁
700 ## - ADDED ENTRY--PERSONAL NAME
Personal name 许一新
942 ## - ADDED ENTRY ELEMENTS (KOHA)
Koha item type Chinese Book
Source of classification or shelving scheme
Holdings
Withdrawn status Lost status Source of classification or shelving scheme Damaged status Not for loan Home library Current library Shelving location Date acquired Total Checkouts Total Renewals Full call number Barcode Date last seen Date last checked out Copy number Price effective from Koha item type Cost, normal purchase price
    Library of Congress Classification     GETS Theological Seminary Library GETS Theological Seminary Library General Stacks 07/09/2020 2 5 BR65.A73 .C5 2009 00000176 03/01/2022 01/20/2022 07/09/2020 Chinese Book  
    Library of Congress Classification     GETS Theological Seminary Library GETS Theological Seminary Library Duplicate Section 08/26/2020     BR 65.A73 .C5 2009    00007914 08/26/2020   c. 2 08/26/2020 Chinese Book 5.48
OpacCredits

Contact the Librarian, GETS Library
Email: library@mygets.org









Implemented by GETS Library
(Powered by ETCA Professional Group)
GETS Theological Seminary
412 E. Rowland Street, CA 91723